000 01644nam a2200421 a 4500
003 BLK
005 20230719115043.0
008 180408b bul|||||r ||||||| ||bul||
010 _aKNG00054739000
040 _aBLK
041 _aRUS
_cRUS
080 _aМузиканти-творци, композитори
_b78.071.1
_x(44)(092)
_z78.071.1(44)(092)
080 _b929 Рамо, Жан Филип
_z929 Рамо, Жан Филип
100 1 _aБрянцева, Вера Николаевна
_eпърви автор
_943605
139 _aБрянцева, Вера Николаевна
_bР 33
245 1 0 _aЖан Филипп Рамо и французский музыкальный театр
_cВера Николаевна Брянцева.
257 _aRUS
260 _bМузыка
_c1981
_aМосква
300 _a304 с.
_bс ноти
_c20 см
380 _a7
500 _aБиблиогр. с. 299-301 ; Списък на творбите на Рамо.
600 1 4 _aРамо, Жан Филип
_9115106
650 4 _aКомпозитори, френски
_9256945
650 4 _aРамо, Жан Филип
_9115106
651 4 _aФранция
_9179722
653 _aкомпозитори
653 _aбиографии
653 _aФранция
653 _aЖан Фипип Рамо
852 _aЦб 118975
_bЦб
856 4 _qpdf
856 4 _qpdf
942 _cKNG
_n0
944 _aCR
_c14.06.2011
_lРусанова Ирена
_k30542
944 _aED
_c03.02.2015
_l14.06.2011 - от С1,Р / 14.06.2011
_kНаталия_Медовщикова
999 _c50847
_d50847
999 _d50847
999 _d50847